000 00574nam a22001817a 4500
005 20231109145441.0
008 231109b |||||||| |||| 00| 0 eng d
020 _a0702115754
041 _aAfrikaans
082 _a346.1 VAN
100 _aVan der Vyver, JD en Joubert, DJ
_lAfrikaans
245 _aPersone en Familiereg /
_cJD Van der Vyver en DJ Joubert
250 _aTweede Uitgawe
260 _aKaapstad :
_bJuta en Kie Beperk,
_c1985
300 _blxxiv, 771 pages ;
_c25,5 cm.
650 _aLegal practice
_bLaw
942 _cBK
_6ALISON_BN_VRIES
999 _c497
_d497